000 00422nam a2200181Ia 4500
001 10825
005 20260306161900.0
008 260306t1985||||xx |||||||||||||| ||spa||
041 _aESP
082 _a973.31
_bP11
100 _aPabón, Jesús
_eAUT
245 0 _aFranklin y Europa (1776-1785)
260 _c1985
300 _a162 páginas :
_c20 cm.
650 _aGEN
654 _aCHU
942 _cLIB
_dJUS
_fJUS
_2ddc
_n
999 _c10825
_d10825